000 00394nam a22001457a 4500
005 20151112120226.0
008 151112b xxu||||| |||| 00| 0 eng d
040 _cPK-LaUMT
082 _aKHC 954.918
_bMEH-A
100 _aمحمود مرزا
245 _aآج کا سندھ
_cمحمود مرزا
260 _aلاہور
_bپروگریسو پبلشرز
_c1986
300 _a97 ص
942 _cBK
999 _c78908
_d78908